Teoría y método para el estudio de la estructura de clases sociales (Con un análisis concreto: Chile 1970). Tercera parte: La metodología /

Guardado en:
Bibliografiske detaljer
Hovedforfatter: Ipola, Emilio de
Andre forfattere: Torrado, Susana
Format: Texto
Udgivet: Santiago: Programa de Actividades Conjuntas ELAS-CELADE
Tags: Tilføj Tag
Ingen Tags, Vær først til at tagge denne postø!

MARC

LEADER 00000 a a2200000 04500
001 15795
003
040
090 |a 015500  
100 |a Ipola, Emilio de  
245 |a Teoría y método para el estudio de la estructura de clases sociales (Con un análisis concreto: Chile 1970). Tercera parte: La metodología /  |c Emilio de Ipola 
260 |a Santiago:   |b Programa de Actividades Conjuntas ELAS-CELADE  
300 |a pp. 473-717 y 5 p.  
700 |a Torrado, Susana  
999 |c 11002  |d 11002